Plan estratégico para la administración de recursos humanos de la cooperativa Moderna R.L, Estelí
Presenta un plan estratégico para la administración de recursos humanos de la cooperativa Moderna R.L, Estelí, se realizó el análisis de la situación actual de la administración, se determinaron las estrategias y acciones dirigidas a la administración de recursos humanos y se elaboró un pla...
| Main Authors: | , , |
|---|---|
| Other Authors: | |
| Format: | Tesis Section = Libro |
| Language: | Undetermined Spanish |
| Published: |
Managua
UNI
2015
|
| Subjects: |
| LEADER | 01280nam a2200277Ia 4500 | ||
|---|---|---|---|
| 008 | 240830s9999 xx 000 0 und d | ||
| 040 | |a BIBLIOTECA-RUPAP T.Mon 658.4012 A454 | ||
| 041 | |a spa | ||
| 082 | |a T.Mon 658.4012 A454 | ||
| 100 | 1 | |a Alonzo Tórrez, Faustino Vladimir | |
| 100 | 1 | |b Gutiérrez Solís, Isaac | |
| 100 | 1 | |c Lagos Zeledón, Ronald Josué | |
| 245 | 1 | 0 | |a Plan estratégico para la administración de recursos humanos de la cooperativa Moderna R.L, Estelí |
| 260 | |a Managua |b UNI |c 2015 | ||
| 300 | |a 81 p. :il. | ||
| 500 | |a Contiene: anexos e Incluye: CD. | ||
| 502 | |a Tesis (Ingeniero de Sistemas)- UNI, 2015. | ||
| 520 | 3 | |a Presenta un plan estratégico para la administración de recursos humanos de la cooperativa Moderna R.L, Estelí, se realizó el análisis de la situación actual de la administración, se determinaron las estrategias y acciones dirigidas a la administración de recursos humanos y se elaboró un plan de acción en un periodo de tres años. | |
| 650 | 7 | |a ADMINISTRACION ESTRATEGICA | |
| 650 | 7 | |b PLANEACION ESTRATEGICA | |
| 650 | 7 | |c ADMINISTRACION DE RECURSOS HUMANOS | |
| 650 | 7 | |d ESTRATEGIA EMPRESARIAL | |
| 700 | 1 | |a Tutor: |b Poveda Ruiz, José Manuel | |
| 942 | |c BK |2 ddc | ||
| 991 | |a TESIS | ||
| 999 | |c 18559 | ||